Top 15 des "one-club men" des 5 grands championnats. - Statistiques

Statistiques générales
  • Ce quiz a été pris 49 fois
  • Le résultat moyen est 5 sur 15
Statistiques - réponses
Nombre de Match Période Club Joueur % Correct
786 1993 - 2017 AS Rome Francesco Totti
100%
902 1985 - 2009 Milan AC Paolo Maldini
93%
963 1991 - 2014 Manchester United Ryan Giggs
93%
717 1994 - 2013 Manchester United Paul Scholes
70%
737 1996 - 2013 Liverpool FC Jamie Carragher
47%
719 1978 - 1996 Milan AC Franco Baresi
40%
602 1992 - 2011 Manchester United Gary Neville
28%
773 1952 - 1973 Leeds United Jack Charlton
14%
669 1983 - 2002 Arsenal FC Tony Adams
14%
755 1975 - 1994 AS Monaco Jean-Luc Ettori
9%
634 1960 - 1978 Inter Milan Giacinto Facchetti
7%
756 1981 - 1999 Inter Milan Giuseppe Bergomi
5%
650 1969 - 1987 FC Nantes Jean-Paul Bertrand-Demanes
5%
616 1965 - 1980 Bayern Munich Sepp Maier
5%
720 1972 - 1991 Eintracht Francfort Karl-Heinz Körbel
0%
Aucun quiz correspondant
Distribution des résultats
% des personnes avec chaque résultat
Percentile par nombre de réponses
Votre historique - résultats
Vous n’avez pas pris ce quiz